Rywale w świecie piłki nożnej - Statystyki

Ogólne statystyki
  • Ten quiz został rozwiązany 49 razy
  • Średni wynik to 18 z 32
Statystyki odpowiedzi
Hint Odpowiedź % Poprawnych
Real Madryt Barcelona
98%
Inter Mediolan Milan
98%
Bayern M. Borussia
93%
Rangers Celtic
91%
Roma Lazio
91%
Tottenham Arsenal
89%
Manchester United Manchester City
87%
Atletico Madryt Real Madryt
87%
Everton Liverpool
82%
Arsenal Chelsea
73%
Torino Juventus
69%
Benfica Sporting
64%
Legia Warszawa Lech Poznań
62%
River Plate Boca
60%
Real Betis Sevilla
56%
Spartak Mokswa CSKA Moskwa
51%
Galatasaray Fenerbahce
51%
Benfica Porto
51%
Crevna Zvezda Partizan
47%
Borussia Dortmund Schalke
44%
Club Brugee Anderlecht
42%
Ajax Feyenoord
42%
Dynamo Kijów Szachtar Donieck
38%
Liverpool Manchester United
36%
FC Kopenhaga Brondby
31%
Dynamo Zagrzeb Hajduk Split
31%
Pananthinaikos Olympiacos
31%
Olympique Marsylia Olympique Lyon
29%
Cardiff Swansea
27%
Djurgardens AIK
20%
Grasshoper Zurich
20%
PSG Olympique Marsylia
18%
Nie znaleziono quizów pasujących do podanych kryteriów
Rozkład punktacji
Procent ludzi z każdym wynikiem
Percentyl według liczby udzielonych odpowiedzi
Twoja historia wyników
Nie rozwiązałeś tego quizu